| 000 | 00654pam a2200181 a 4500 | ||
|---|---|---|---|
| 999 |
_c1939 _d1939 |
||
| 020 | _a0256069905 (pbk.) : | ||
| 050 | 0 | 0 |
_aKF3408.A4 _bS3 1989 |
| 100 | 1 | _aSchoen, Sterling Harry, | |
| 245 | 1 | 0 |
_aCases in collective bargaining and industrial relations : _ba decisional approach / _cSterling H. Schoen, Raymond L. Hilgert. |
| 250 | _a6th ed. | ||
| 260 |
_aHomewood, IL : _bIrwin, _c1989. |
||
| 300 |
_aviii, 487 p. ; _c23 cm. |
||
| 500 | _aIncludes index | ||
| 505 | _a1. Legal aspects of collective bargaining 2. Problems in union-management relations | ||
| 650 | 0 |
_aCollective labor agreements _xCases. |
|
| 700 | 1 | _aHilgert, Raymond L. | |
| 942 | _cBK | ||